Archeologický výskum na nádvorí kúrie Mórica Beňovského vo Vrbovom

Bibliographic Details
Main Authors: Klčo, Marián (Author), Krupa, Vladimír, 1964- (Author)
Format: Article
Language:Slovak
Subjects:

MARC

LEADER 00000nab a2200000 a 4500
001 vtls000650417
003 SK-MaSNL
005 20260305003342.0
008 250425c1997 xo 0 slo
015 |a SNBRB1998/02-03617 
035 |a CLN000002611 
035 |a urn:nbn:sk:snk-abhid 
035 |a (urnnbn)urn:nbn:sk:snk:ar-a04e21 
035 |a (uuid)f188763f-e24e-4586-9801-de0eb216f196 
040 |a SNKBUCL  |b slo  |c SNKBUCL  |e AACR2 
041 0 |a slo 
044 |a xo  |c SK 
080 |a 903.3/.4(437.6)"636":902  |2 1997 
080 |a 904(437.6)"11/17":902  |2 1997 
080 |a 902.2(437.6)  |2 1997 
100 1 |a Klčo, Marián  |4 aut  |9 168053 
245 1 0 |a Archeologický výskum na nádvorí kúrie Mórica Beňovského vo Vrbovom  |c Marián Klčo, Vladimír Krupa 
300 |b Mp. a tab. s. 13.-20., fotogr. a obr. s. 197-314 
546 |a Res. nem. 
650 0 7 |a sídliská (archeológia)  |2 snkbucl  |9 67918 
650 0 7 |a eneolit  |2 snkbucl  |9 30423 
650 0 7 |a stredovek  |2 snkbucl  |9 4259 
650 0 7 |a novovek  |2 snkbucl  |9 4260 
650 0 7 |a archeologické výskumy  |2 snkbucl  |9 74796 
651 7 |a Vrbové (Slovensko)  |2 snkbucl  |9 15406 
700 1 |a Krupa, Vladimír,  |d 1964-  |4 aut  |9 10548 
773 0 |t Archeologické výskumy a nálezy na Slovensku v roku 1995  |d Nitra : Archeologický ústav Slovenskej akadémie vied, 1997  |g S. 111-113  |z 8088709334 
850 |a Slovenská národná knižnica 
852 |a Slovenská národná knižnica 
954 |a odborná, vedecká literatúra pôvodná (slovenská)  |2 lita 
958 |a article2022 
958 |a OND 
958 |a EUIPO 
999 |c 3229921  |d 3231851